| 000 | 01593nam0a2200301 4500 | ||
|---|---|---|---|
| 001 | RU\NLR\bibl\299267 | ||
| 005 | 20260405151718.0 | ||
| 021 |
_aRU _b2002-11806 _9581 |
||
| 035 | _a(NLR Aleph) 000294556 | ||
| 090 |
_a1725121 _c1725121 |
||
| 100 | _a20020826d2001 |||y0rusy50 ca | ||
| 101 | 0 | _arus | |
| 102 | _aRU | ||
| 105 | _aa ||||||||| | ||
| 200 | 1 |
_aРентгеновская дифракционная микроскопия _iМетоды исследования субструктуры кристаллов _e(Учеб. модуль 3) _eУчеб.-метод. пособие _fА.А. Лукин, З.С. Лукина _gМ-во образования Рос. Федерации, Воронеж. гос. техн. ун-т. Каф. материаловедения и физики металлов, Регион. науч.-координац. центр "Ренакорд" |
|
| 210 |
_aВоронеж _cВГТУ _d2001 |
||
| 215 |
_a71 с. _cил. _d20 |
||
| 320 | _aБиблиогр.: с. 70 (4 назв.) | ||
| 606 | 0 |
_aКристаллы _xСтруктура _xИсследование _xРентгенодифракционные методы _92259433 _3RU\NLR\auth\661354853 |
|
| 686 | _aВ371.213.4я73-1 | ||
| 700 | 1 |
_4070 _7ca _8rus _aЛукин _bА. А. _cканд. физ.-мат. наук _gАнатолий Александрович _945788 _3RU\NLR\auth\7762858 |
|
| 701 | 1 |
_aЛукина _bЗ. С. _gЗоя Семеновна _4070 |
|
| 801 | 0 |
_aRU _bNLR _c20020826 _gPSBO |
|
| 801 | 1 |
_aRU _bNLR _c20020826 |
|
| 830 | _aАвт. по кн | ||
| 942 | _cBOOK | ||
| 980 | _aNB | ||